Beautés de la Provence. (Record no. 6104)

MARC details
000 -LEADER
fixed length control field 00724cam a22002291 4500
001 - CONTROL NUMBER
control field af 48004547
003 - CONTROL NUMBER IDENTIFIER
control field DLC
005 - DATE AND TIME OF LATEST TRANSACTION
control field 20260227110908.0
008 - FIXED-LENGTH DATA ELEMENTS--GENERAL INFORMATION
fixed length control field 881208s1944 fr f 000 0 fre c
010 ## - LIBRARY OF CONGRESS CONTROL NUMBER
LC control number af 48004547
035 ## - SYSTEM CONTROL NUMBER
System control number (OCoLC)18861372
040 ## - CATALOGING SOURCE
Original cataloging agency California. Univ. Libr.
Transcribing agency CU
Modifying agency CU
-- DLC
042 ## - AUTHENTICATION CODE
Authentication code premarc
050 00 - LIBRARY OF CONGRESS CALL NUMBER
Classification number DC611.P958
Item number V315
082 ## - DEWEY DECIMAL CLASSIFICATION NUMBER
Classification number 914.49
100 1# - MAIN ENTRY--PERSONAL NAME
Personal name Vaudoyer, Jean-Louis,
Dates associated with a name 1883-
245 10 - TITLE STATEMENT
Title Beautés de la Provence.
Statement of responsibility, etc. Éd. en un seul volume, illus. de photographies par E. Boudot-Lamotte.
260 ## - PUBLICATION, DISTRIBUTION, ETC.
Place of publication, distribution, etc. [Paris]
Name of publisher, distributor, etc. B. Grasset,
Date of publication, distribution, etc. 1943 [i.e. 1944]
300 ## - PHYSICAL DESCRIPTION
Extent 519 p.
Other physical details plates.
Dimensions 20 cm.
651 #0 - SUBJECT ADDED ENTRY--GEOGRAPHIC NAME
Geographic name Provence (France)
General subdivision Description and travel.
700 2# - ADDED ENTRY--PERSONAL NAME
Personal name Boudot-Lamotte, Emmanuel.

No items available.

Powered by Koha